Sports Quiz

Random Sports or Baseball Quiz

HR Leaders Born During Babe Ruth's Career Quiz Stats

 Plays Quiz Updated Jul 23, 2017

Support Sporcle.
Go Orange.
Score 0/15 Timer 04:00
0 Plays Today
HR Leaders (born 1914-35) % Correct
Mickey Mantle
88.1%
Willie Mays
87.9%
Hank Aaron
87.6%
Ted Williams
84.7%
Joe DiMaggio
74%
Stan Musial
66.4%
Yogi Berra
55.5%
Duke Snider
55%
HR Leaders (born 1914-35) % Correct
Ernie Banks
54%
Eddie Mathews
53.7%
Ralph Kiner
49.1%
Al Kaline
47.5%
Gil Hodges
30.4%
Rocky Colavito
24.5%
Norm Cash
20.6%

You're not logged in!

Compare scores with friends on all Sporcle quizzes.
OR
Log In

From the Vault

Famous Howards

by Derek

Before taking this quiz, ask yourself - Howard can it be?
Remove Ads.
Support Sporcle.
Get the best of Sporcle when you Go Orange. This ad-free experience offers more features, more stats, and more fun while also helping to support Sporcle. Thank you for becoming a member.

Show Comments

Extras

Top Quizzes Today


Score Distribution

Your Account Isn't Verified!

In order to create a playlist on Sporcle, you need to verify the email address you used during registration. Go to your Sporcle Settings to finish the process.

Report this User

Report this user for behavior that violates our Community Guidelines.

Details: